<?xml version="1.0" encoding="UTF-8"?>
<collection xmlns="http://www.loc.gov/MARC21/slim">
 <record>
  <leader>01144nam a2200229 a 4500</leader>
  <controlfield tag="001">1/55180</controlfield>
  <controlfield tag="008">220531s2021    gr        bb  001 0 gre d</controlfield>
  <datafield tag="020" ind1=" " ind2=" ">
   <subfield code="a">9789600236354</subfield>
  </datafield>
  <datafield tag="040" ind1=" " ind2=" ">
   <subfield code="a">GR-PeUP</subfield>
  </datafield>
  <datafield tag="082" ind1="0" ind2="0">
   <subfield code="a">174.4 ΗΛΙ</subfield>
  </datafield>
  <datafield tag="100" ind1="1" ind2=" ">
   <subfield code="a">Ηλιόπουλος, Π.</subfield>
  </datafield>
  <datafield tag="245" ind1="1" ind2="2">
   <subfield code="a">Η ηθική του επιχειρείν ως εφαρμοσμένη ηθική /</subfield>
   <subfield code="c">Παναγιώτης Ι. Ηλιόπουλος.</subfield>
  </datafield>
  <datafield tag="260" ind1=" " ind2=" ">
   <subfield code="a">Αθήνα :</subfield>
   <subfield code="b">Παπαζήσης,</subfield>
   <subfield code="c">2021.</subfield>
  </datafield>
  <datafield tag="300" ind1=" " ind2=" ">
   <subfield code="a">347 σ. ;</subfield>
   <subfield code="c">24 εκ.</subfield>
  </datafield>
  <datafield tag="490" ind1="1" ind2=" ">
   <subfield code="a">Δια-ΛΟΓΟΣ φιλοσοφική βιβλιοθήκη--Μελέτες ;</subfield>
  </datafield>
  <datafield tag="504" ind1=" " ind2=" ">
   <subfield code="a">Περιέχει βιβλιογραφικές αναφορές και ευρετήριο.</subfield>
  </datafield>
  <datafield tag="650" ind1=" " ind2="0">
   <subfield code="a">Business ethics.</subfield>
  </datafield>
  <datafield tag="650" ind1=" " ind2="4">
   <subfield code="a">Επιχειρηματική ηθική.</subfield>
  </datafield>
  <datafield tag="830" ind1="0" ind2="0">
   <subfield code="a">Δια-ΛΟΓΟΣ φιλοσοφική βιβλιοθήκη--Μελέτες ;</subfield>
   <subfield code="v">66</subfield>
  </datafield>
  <datafield tag="852" ind1=" " ind2=" ">
   <subfield code="a">INST</subfield>
   <subfield code="b">UNIPILB</subfield>
   <subfield code="c">MAIN</subfield>
   <subfield code="e">20220531</subfield>
   <subfield code="h">174.4 ΗΛΙ</subfield>
   <subfield code="p">00187852</subfield>
   <subfield code="q">00187852</subfield>
   <subfield code="t">LOAN</subfield>
   <subfield code="y">0</subfield>
   <subfield code="4">3</subfield>
  </datafield>
  <datafield tag="852" ind1=" " ind2=" ">
   <subfield code="a">INST</subfield>
   <subfield code="b">UNIPILB</subfield>
   <subfield code="c">MAIN</subfield>
   <subfield code="e">20220531</subfield>
   <subfield code="h">174.4 ΗΛΙ</subfield>
   <subfield code="p">00187853</subfield>
   <subfield code="q">00187853</subfield>
   <subfield code="t">LOAN</subfield>
   <subfield code="y">0</subfield>
   <subfield code="4">2</subfield>
  </datafield>
  <datafield tag="852" ind1=" " ind2=" ">
   <subfield code="a">INST</subfield>
   <subfield code="b">UNIPILB</subfield>
   <subfield code="c">MAIN</subfield>
   <subfield code="e">20220531</subfield>
   <subfield code="h">174.4 ΗΛΙ</subfield>
   <subfield code="p">00187854</subfield>
   <subfield code="q">00187854</subfield>
   <subfield code="t">LOAN</subfield>
   <subfield code="y">0</subfield>
   <subfield code="4">1</subfield>
  </datafield>
 </record>
</collection>
